<?xml version="1.0" encoding="UTF-8"?>
<record
    xmlns:xsi="http://www.w3.org/2001/XMLSchema-instance"
    xsi:schemaLocation="http://www.loc.gov/MARC21/slim http://www.loc.gov/standards/marcxml/schema/MARC21slim.xsd"
    xmlns="http://www.loc.gov/MARC21/slim">

  <leader>01092nam a22002777a 4500</leader>
  <controlfield tag="005">20170123162336.0</controlfield>
  <datafield tag="010" ind1=" " ind2=" ">
    <subfield code="a">A-770676</subfield>
  </datafield>
  <datafield tag="020" ind1=" " ind2=" ">
    <subfield code="c">15.00</subfield>
    <subfield code="a">8172017871</subfield>
  </datafield>
  <datafield tag="035" ind1=" " ind2=" ">
    <subfield code="a">A-770676</subfield>
  </datafield>
  <datafield tag="037" ind1=" " ind2=" ">
    <subfield code="b">Cen Lib/Ret</subfield>
  </datafield>
  <datafield tag="040" ind1=" " ind2=" ">
    <subfield code="a">DPL</subfield>
    <subfield code="b">UR</subfield>
  </datafield>
  <datafield tag="082" ind1=" " ind2=" ">
    <subfield code="a">921</subfield>
    <subfield code="b">&#x630; &#x627; &#x6A9; </subfield>
  </datafield>
  <datafield tag="100" ind1=" " ind2=" ">
    <subfield code="a">&#x62E;&#x648;&#x631;&#x634;&#x6CC;&#x62F; &#x639;&#x627;&#x644;&#x645; &#x62E;&#x627;&#x646; </subfield>
    <subfield code="9">124624</subfield>
  </datafield>
  <datafield tag="245" ind1=" " ind2=" ">
    <subfield code="a">&#x688;&#x627;&#x6A9;&#x679;&#x631; &#x630;&#x627;&#x6A9;&#x631; &#x62D;&#x633;&#x6CC;&#x646; :/</subfield>
    <subfield code="c">&#x62E;&#x648;&#x631;&#x634;&#x6CC;&#x62F; &#x639;&#x627;&#x644;&#x645; &#x62E;&#x627;&#x646; [&#x627;&#x648;&#x631;] &#x628;&#x6CC; &#x635;&#x62D;&#x6CC;&#x62D; &#x627;&#x644;&#x6CC; &#x61B; &#x62A;&#x631;&#x62C;&#x645;&#x6C1; &#x627;&#x628;&#x648;&#x644;&#x6A9;&#x644;&#x627;&#x645; &#x642;&#x627;&#x633;&#x645;&#x6CC; </subfield>
  </datafield>
  <datafield tag="246" ind1=" " ind2=" ">
    <subfield code="a">Doctor Zakir Husain /</subfield>
    <subfield code="b">by Khursheed Alam Khan [and] B. Sheh Ali ; trsalted by Abulkalam Azad  </subfield>
  </datafield>
  <datafield tag="260" ind1=" " ind2=" ">
    <subfield code="a">&#x62F;&#x6C1;&#x644;&#x6CC; </subfield>
    <subfield code="b">&#x633;&#x627;&#x6C1;&#x62A;&#x6CC;&#x6C1; &#x627;&#x6A9;&#x627;&#x62F;&#x645;&#x6CC; </subfield>
    <subfield code="c">1995</subfield>
  </datafield>
  <datafield tag="270" ind1=" " ind2=" ">
    <subfield code="b">&#x62F;&#x6C1;&#x644;&#x6CC; </subfield>
    <subfield code="a">&#x631;&#x648;&#x6CC;&#x646;&#x62F;&#x631;&#x627; &#x628;&#x6BE;&#x648;&#x6BA; &#x60C; &#x663;&#x665; &#x641;&#x6CC;&#x631;&#x648;&#x632; &#x634;&#x627;&#x6C1; &#x645;&#x627;&#x631;&#x6AF; </subfield>
    <subfield code="e">110001</subfield>
  </datafield>
  <datafield tag="300" ind1=" " ind2=" ">
    <subfield code="a">148p</subfield>
    <subfield code="c">21cm(Hb)</subfield>
  </datafield>
  <datafield tag="650" ind1=" " ind2=" ">
    <subfield code="a">&#x627;&#x62F;&#x628; -- &#x627;&#x631;&#x62F;&#x648; </subfield>
    <subfield code="9">124625</subfield>
  </datafield>
  <datafield tag="650" ind1=" " ind2=" ">
    <subfield code="a">&#x627;&#x631;&#x62F;&#x648; &#x633;&#x648;&#x627;&#x646;&#x6D2; &#x639;&#x645;&#x631;&#x6CC;  </subfield>
    <subfield code="9">124626</subfield>
  </datafield>
  <datafield tag="650" ind1=" " ind2=" ">
    <subfield code="a">Literature -- Urdu</subfield>
    <subfield code="9">124627</subfield>
  </datafield>
  <datafield tag="650" ind1=" " ind2=" ">
    <subfield code="a">Urdu biography </subfield>
    <subfield code="9">511</subfield>
  </datafield>
  <datafield tag="700" ind1=" " ind2=" ">
    <subfield code="a">&#x628;&#x6CC; &#x635;&#x62D;&#x6CC;&#x62D; &#x627;&#x644;&#x6CC;</subfield>
    <subfield code="9">109925</subfield>
  </datafield>
  <datafield tag="700" ind1=" " ind2=" ">
    <subfield code="a">&#x627;&#x628;&#x648;&#x644;&#x6A9;&#x644;&#x627;&#x645; &#x642;&#x627;&#x633;&#x645;&#x6CC;</subfield>
    <subfield code="9">110229</subfield>
  </datafield>
  <datafield tag="942" ind1=" " ind2=" ">
    <subfield code="2">ddc</subfield>
    <subfield code="c">UR</subfield>
    <subfield code="h">921</subfield>
    <subfield code="m">&#x630; &#x627; &#x6A9; </subfield>
  </datafield>
  <datafield tag="999" ind1=" " ind2=" ">
    <subfield code="c">108200</subfield>
    <subfield code="d">108200</subfield>
  </datafield>
  <datafield tag="952" ind1=" " ind2=" ">
    <subfield code="0">0</subfield>
    <subfield code="1">0</subfield>
    <subfield code="4">0</subfield>
    <subfield code="7">0</subfield>
    <subfield code="a">L</subfield>
    <subfield code="b">L</subfield>
    <subfield code="d">2016-01-15</subfield>
    <subfield code="e">Cen Lib/Ret</subfield>
    <subfield code="g">15.00</subfield>
    <subfield code="l">0</subfield>
    <subfield code="o">921 &#x630; &#x627; &#x6A9;</subfield>
    <subfield code="p">A-770676</subfield>
    <subfield code="r">2016-01-15 00:00:00</subfield>
    <subfield code="t">1</subfield>
    <subfield code="v">15.00</subfield>
    <subfield code="w">2016-01-15</subfield>
    <subfield code="y">UR</subfield>
  </datafield>
</record>
